Statistics for Countries that End in E

Click here to take the quiz!

General Stats

  • This quiz has been taken 37 times
  • The average score is 8 of 12

Answer Stats

Answer% Correct
Chile
89%
France
80%
Greece
80%
Belize
74%
Zimbabwe
71%
Suriname
69%
Ukraine
66%
Cape Verde
63%
Sierra Leone
63%
Mozambique
57%
Sao Tome and Principe
51%
Singapore
51%

Score Distribution

Percentile by Number Answered

Percent of People with Each Score

Your Score History

You have not taken this quiz